<?xml version="1.0" encoding="UTF-8"?>
<record
    xmlns:xsi="http://www.w3.org/2001/XMLSchema-instance"
    xsi:schemaLocation="http://www.loc.gov/MARC21/slim http://www.loc.gov/standards/marcxml/schema/MARC21slim.xsd"
    xmlns="http://www.loc.gov/MARC21/slim">

  <leader>00392nam a22001217a 4500</leader>
  <datafield tag="999" ind1=" " ind2=" ">
    <subfield code="c">16844</subfield>
    <subfield code="d">16844</subfield>
  </datafield>
  <controlfield tag="008">180621b        xxu||||| |||| 00| 0 eng d</controlfield>
  <datafield tag="020" ind1=" " ind2=" ">
    <subfield code="a">025025</subfield>
  </datafield>
  <datafield tag="100" ind1=" " ind2=" ">
    <subfield code="a">Ndetei David Musyimi</subfield>
  </datafield>
  <datafield tag="245" ind1=" " ind2=" ">
    <subfield code="a">Contemporary Psychiatry in Africa</subfield>
    <subfield code="b">A Review of Theory Practice and Research </subfield>
    <subfield code="c">David Musyimi Ndetei</subfield>
  </datafield>
  <datafield tag="260" ind1=" " ind2=" ">
    <subfield code="a">Nairobi</subfield>
    <subfield code="b">Acrodile Publishing Limited </subfield>
    <subfield code="c">2011</subfield>
  </datafield>
  <datafield tag="300" ind1=" " ind2=" ">
    <subfield code="a">x, 470p.</subfield>
  </datafield>
  <datafield tag="942" ind1=" " ind2=" ">
    <subfield code="2">lcc</subfield>
    <subfield code="c">BK</subfield>
  </datafield>
  <datafield tag="952" ind1=" " ind2=" ">
    <subfield code="0">0</subfield>
    <subfield code="1">0</subfield>
    <subfield code="2">lcc</subfield>
    <subfield code="7">0</subfield>
    <subfield code="a">KABU</subfield>
    <subfield code="b">KABU</subfield>
    <subfield code="d">2018-06-21</subfield>
    <subfield code="g">1740.00</subfield>
    <subfield code="l">0</subfield>
    <subfield code="o">RC451A4N34 2011 c.1</subfield>
    <subfield code="p">025028</subfield>
    <subfield code="r">2018-06-21 00:00:00</subfield>
    <subfield code="w">2018-06-21</subfield>
    <subfield code="y">BK</subfield>
  </datafield>
  <datafield tag="952" ind1=" " ind2=" ">
    <subfield code="0">0</subfield>
    <subfield code="1">0</subfield>
    <subfield code="2">lcc</subfield>
    <subfield code="7">0</subfield>
    <subfield code="a">KABU</subfield>
    <subfield code="b">KABU</subfield>
    <subfield code="d">2018-06-21</subfield>
    <subfield code="g">1740.00</subfield>
    <subfield code="l">0</subfield>
    <subfield code="o">RC451A4N34 2011 c.2</subfield>
    <subfield code="p">025025</subfield>
    <subfield code="r">2018-06-21 00:00:00</subfield>
    <subfield code="w">2018-06-21</subfield>
    <subfield code="y">BK</subfield>
  </datafield>
  <datafield tag="952" ind1=" " ind2=" ">
    <subfield code="0">0</subfield>
    <subfield code="1">0</subfield>
    <subfield code="2">lcc</subfield>
    <subfield code="7">0</subfield>
    <subfield code="a">KABU</subfield>
    <subfield code="b">KABU</subfield>
    <subfield code="d">2018-06-21</subfield>
    <subfield code="g">1740.00</subfield>
    <subfield code="l">0</subfield>
    <subfield code="o">RC 451 .A4N34 2011 c.3</subfield>
    <subfield code="p">025026</subfield>
    <subfield code="r">2018-06-21 00:00:00</subfield>
    <subfield code="w">2018-06-21</subfield>
    <subfield code="y">BK</subfield>
  </datafield>
  <datafield tag="952" ind1=" " ind2=" ">
    <subfield code="0">0</subfield>
    <subfield code="1">0</subfield>
    <subfield code="2">lcc</subfield>
    <subfield code="7">0</subfield>
    <subfield code="a">KABU</subfield>
    <subfield code="b">KABU</subfield>
    <subfield code="d">2018-06-21</subfield>
    <subfield code="g">1740.00</subfield>
    <subfield code="l">0</subfield>
    <subfield code="o">RC451A4N34 2011 c.4</subfield>
    <subfield code="p">025027</subfield>
    <subfield code="r">2018-06-21 00:00:00</subfield>
    <subfield code="w">2018-06-21</subfield>
    <subfield code="y">BK</subfield>
  </datafield>
</record>
